000
00278nam a2200121Ia 4500
005
20251222155142.0
008
251222s9999||||xx |||||||||||||| ||spa||
082
_a
DIC.33
245
0
_a
Medicina y salud guia práctica
250
_a
1ra. ed.
264
_b
Círculo
942
_c
LIB
999
_c
39211
_d
39211